000 00296nam a22001217a 4500
008 170607b xxu||||| |||| 00| 0 eng d
041 _aeng
080 _a32
100 _a18
101 _aSHP
245 _aTEACHING AQBOUT THE CONSTITTUTION AMERICAN SCHOLLS
_cMEHLINGER,H.D
942 _2udc
_cBK
999 _c16292
_d16292